|
|
|
|
| LEADER |
01275nam a2200325 a 4500 |
| 001 |
c000161105 |
| 003 |
CARM |
| 005 |
19990921000000.0 |
| 008 |
741212s1975 wb a b 100 0 eng |
| 010 |
|
|
|a 74032111
|
| 015 |
|
|
|a GFR***
|
| 019 |
1 |
|
|a 458124
|5 LACONCORD2021
|
| 020 |
|
|
|a 0387070168
|
| 035 |
|
|
|a (OCoLC)1130172
|5 LACONCORD2021
|
| 040 |
|
|
|a LC
|b eng
|c LC
|d WU
|
| 050 |
0 |
0 |
|a BF311
|b .I56 1972
|
| 082 |
0 |
4 |
|a 001.53
|
| 082 |
0 |
4 |
|a 001.53
|
| 111 |
2 |
|
|a Interdisciplinary Conference in the Formal Aspects of Cognitive Processes,
|c Ann Arbor, Mich.,
|d 1972.
|
| 245 |
1 |
0 |
|a Formal aspects of cognitive processes :
|b [proceedings] interdisciplinary conference, Ann Arbor, March 1972 /
|c edited by Thomas Storer and David Winter.
|
| 260 |
|
|
|a Berlin ;
|a New York :
|b Springer-Verlag,
|c 1975.
|
| 300 |
|
|
|a 214 p. :
|b ill. ;
|c 25 cm.
|
| 440 |
|
0 |
|a Lecture notes in computer science ;
|v 22.
|
| 504 |
|
|
|a Includes bibliographies.
|
| 650 |
|
0 |
|a Cognition
|v Congresses.
|
| 700 |
1 |
|
|a Storer, Thomas,
|e ed.
|
| 700 |
1 |
|
|a Winter, David J,
|e ed.
|
| 852 |
8 |
|
|b CARM
|h A2:AL20E0
|i C05352
|p 0212342
|f BK
|
| 999 |
f |
f |
|i a22fca79-ba47-5d60-88a7-a3f6baff87ba
|s 79477a33-3fbe-5246-abd2-7d9ae0731cc7
|
| 952 |
f |
f |
|p Can circulate
|a CAVAL
|b CAVAL
|c CAVAL
|d CARM 1 Store
|e C05352
|f A2:AL20E0
|h Other scheme
|i book
|m 0212342
|